000
00321nam a2200133Ia 4500
008
191201s2001 xx 000 0 und d
082
_a
670.423
_b
CHW
100
_a
CHAPMAN, W A J
245
0
_a
Workshop Technology-1
260
_a
N.Delhi
_b
CBS Publishers
_c
2001
300
_a
412
650
_a
B.Tech(ME)
942
_2
ddc
_c
BK
999
_c
1246
_d
1246